| 000 | 00577nam a2200205Ia 4500 | ||
|---|---|---|---|
| 003 | GCL | ||
| 008 | 140319s9999 xx 000 0 ara d | ||
| 040 |
_aGCL / _cGCL |
||
| 082 | 0 | 4 |
_a811.9569 _bم ت |
| 100 | 1 | _aمحمود شريح | |
| 245 | 1 | 0 |
_aتوفيق صايغ / _cمحمود شريح |
| 260 |
_a[S.N] : _bرياض الريس للكتب والنشر ، _c1989 |
||
| 300 | _a331 ص | ||
| 490 | _a | ||
| 650 | 0 | 4 | _aالشعر العربى |
| 650 | 0 | 4 | _aفلسطين |
| 650 | 0 | 4 | _aدواوين وقصائد |
| 650 | 0 | 4 | _aالشعراء العرب |
| 942 |
_2ddc _cBK |
||
| 999 |
_c55549 _d55549 |
||